वन्य जीव एवं पर्यावरण संरक्षण (Record no. 4184)
[ view plain ]
| 000 -LEADER | |
|---|---|
| fixed length control field | 01103 a2200217 4500 |
| 005 - DATE AND TIME OF LATEST TRANSACTION | |
| control field | 20080904150920.0 |
| 008 - FIXED-LENGTH DATA ELEMENTS--GENERAL INFORMATION | |
| fixed length control field | 080904t xxu||||| |||| 00| 0 hin d |
| 010 ## - LIBRARY OF CONGRESS CONTROL NUMBER | |
| LC control number | HIN-79924 |
| 020 ## - INTERNATIONAL STANDARD BOOK NUMBER | |
| Terms of availability | 200.00 |
| International Standard Book Number | 8188534057 |
| 035 ## - SYSTEM CONTROL NUMBER | |
| System control number | HN-52270 |
| 037 ## - SOURCE OF ACQUISITION | |
| Source of stock number/acquisition | D.B.Act / pub |
| 082 ## - DEWEY DECIMAL CLASSIFICATION NUMBER | |
| Classification number | 639.9 |
| 100 ## - MAIN ENTRY--PERSONAL NAME | |
| Personal name | भार्गव, प्रमोद |
| 245 ## - TITLE STATEMENT | |
| Title | वन्य जीव एवं पर्यावरण संरक्षण |
| Statement of responsibility, etc | प्रमोद भार्गव |
| 246 ## - VARYING FORM OF TITLE | |
| Title proper/short title | Vanya jeev avam paryavaran sanrakshan |
| Remainder of title | by Pramod Bhargava |
| 260 ## - PUBLICATION, DISTRIBUTION, ETC. (IMPRINT) | |
| Place of publication, distribution, etc | दिल्ली |
| Name of publisher, distributor, etc | ग्रंथ भारती |
| Date of publication, distribution, etc | 2002 |
| 270 ## - ADDRESS | |
| Address | 5/288, गली नं.5, वैस्ट कान्तीनगर |
| City | दिल्ली |
| Postal code | 110051 |
| 300 ## - PHYSICAL DESCRIPTION | |
| Extent | 192पृ |
| Dimensions | 22 सेमी (सजिल्द) |
| Other physical details | (सचित्र) |
| 942 ## - ADDED ENTRY ELEMENTS (KOHA) | |
| Institution code [OBSOLETE] | dpl |
| Koha item type | Hindi Books |
| Call number prefix | 639.9 / भार्गव |
| Source of classification or shelving scheme | Dewey Decimal Classification |
| Classification part | 639.9 |
| Call number suffix | भार्गव |
| Withdrawn status | Lost status | Damaged status | Not for loan | Home library | Current library | Date acquired | Cost, normal purchase price | Total Checkouts | Full call number | Barcode | Date last seen | Copy number | Uniform Resource Identifier | Cost, replacement price | Price effective from | Koha item type |
|---|---|---|---|---|---|---|---|---|---|---|---|---|---|---|---|---|
| D.B.Act.Division | D.B.Act.Division | 04/09/2008 | 200.00 | 639.9 भार्गव | HN-52270 | 15/09/2008 | 1 | 4432 | 200.00 | 15/09/2008 | Hindi Books |
